Score 0/20 Timer 06:00
0 Plays Today
% Correct
you'll be sure to understand, you warthog-faced buffoon.
95.6%
I don't give a damn.
95.6%
that you raid his wardrobe?
95.1%
or did a bus park on your face?
95%
than a bag of hammers.
94.2%
into the john and watch you take a leak.
93.7%
and have a rat gnaw that thing off your face!
93.4%
to insult.
93.1%
and your father smelt of elderberries!
93%
then you shouldn't talk.
92.3%
% Correct
an old mop.
92.2%
collection of caliginous junk!
91%
I've known sheep that could outwit you. I've worn dresses with higher IQs.
89.2%
and you have my pity.
88.8%
and you smell like a dung-heap.
88.1%
you limp noodle!
86.6%
evil little cockroach!
85.9%
there's hope for every ape in Africa.
85.4%
scruffy-looking nerf-herder!
81.1%
who can't drive.
79.6%
Remove Ads.
Support Sporcle.
Get the best of Sporcle when you Go Orange. This ad-free experience offers more features, more stats, and more fun while also helping to support Sporcle. Thank you for becoming a member.

You're not logged in!

Compare scores with friends on all Sporcle quizzes.
OR
Log In

Show Comments

Extras

Top Quizzes Today


Score Distribution

Your Account Isn't Verified!

In order to create a playlist on Sporcle, you need to verify the email address you used during registration. Go to your Sporcle Settings to finish the process.

Report this User

Report this user for behavior that violates our Community Guidelines.

Details: